| 000 | 00530nam a2200181 a 4500 | ||
|---|---|---|---|
| 005 | 20220801092552.0 | ||
| 008 | 991125s1976 mx 000 0 spa u | ||
| 035 | _aUPN01000042403 | ||
| 049 | _aCG | ||
| 050 | 4 |
_aPA4279 A3 _bO2.78 |
|
| 100 | 0 |
_aPlatón, _d428?-347 a.C. |
|
| 245 | 1 | 0 |
_aObras selectas de Platón / _cPlatón ; tr. Patricio de Azcárate. |
| 260 |
_aMéxico : _bValle de México, _c1976. |
||
| 300 | _a574 p., [31] h. de láms., | ||
| 440 | 0 | _aObras selectas | |
| 650 | 0 |
_aLiteratura griega _98400 |
|
| 905 | _aLibro | ||
| 999 |
_c42403 _d42403 |
||